000 00488 a2200193 4500
005 20260209164159.0
008 260209b |||||||| |||| 00| 0 eng d
020 _a9788119642861
_cRs. 1895.00
040 _aMAIN
082 _a580.9
_bH262O
100 _aGibson, Harvey R J
245 _aOutlines of the history of botany
260 _bHilltop Publications
_c2025
_aJaipur
300 _ax, 274
650 _aBotany
650 _aHistory -Botany
650 _aPlants
942 _cBK
999 _c396007
_d396007